00472nam a2200169 a 45000010010000000030011000100080041000210200015000620350026000771000022001032450055001252600046001803000015002265000012002416500019002538560030002720001-1199ELIB.Books150514 2010 eng  a0913367222 a(ELIB.Books)0001-1354 aGraham, Franklin. aLiving Beyond the Limits:bA Life in Sync with God aNashvillebThomas Nelson Publishersc1998 a216c21 Cm aLibrary aChristian Life nKBTS: LibraryuKBTS: Elib